|
|
|
|
| LEADER |
02361nam a2200457 a 4500 |
| 001 |
000000094 |
| 005 |
20091218144721.0 |
| 008 |
000615s1693 xo e lat |
| FMT |
|
|
|
| 040 |
|
|
|a SVKKK
|b slo
|c SVKKK
|e AACR2
|
| 041 |
0 |
|
|a lat
|
| 044 |
|
|
|a xo
|c SK
|
| 080 |
|
|
|a 244
|
| 100 |
1 |
|
|a Ceva, Thomas,
|d 1648-1736
|4 aut
|
| 245 |
1 |
0 |
|a Iesus Puer :
|b Poema Thomae Cevae Soc. Jesu Iosepho Primo Romanorum Regi Sacrum.
|
| 260 |
|
|
|a Tyrnaviae :
|b Typis Academicis excusum per Joh. Adam. Friedl,
|c Anno 1693
|
| 300 |
|
|
|a [6],113,[1] s. A/4-P/4 [=60] list.
|c 4°. 18x13 cm
|
| 500 |
|
|
|a Vinety ornam., vineta ornam.-fig., linky ozdobné, inic. s ornam. pozadím vo voľ. priestore na 3, 5 r., verz. vo voľ. priestore na 3 r., typograf. ozdoby, kustódy, tlač. pozn. pod textom v lat. jaz.
|
| 508 |
|
|
|a Na zl. A/2 nesignov. úvod. Na zl. A/3 facultas od C. Fresia v závere s textom "Genuae 14. Maji 1690.", facultas od C.J. Saita Laurenta v závere s textom "... Achipresbyter Quarto Idus Decembris. 1689." Na zl. A/3b imprimatur od F. Prospera de Leonibus, B. Crassa, F. Arbonu.
|
| 510 |
4 |
|
|a Szabó II/475; Hanakovič I/144; Podmanická I/139; Telgársky 108/722; Telgársky/Bánska I/2019; Dokupil 38/148
|
| 561 |
|
|
|a Peč.: Štátna vedecká knižnica v Košiciach; K. K. Rechtsakad. Bibliothek In Kaschau; Kassai Kir. Jogakadémia Könyvtára. Tlač. exlibris: Kassai királyi jogakademia Könyvtára Szekrény szám XXI. Osztályzat e. Rkp.: Inscriptus Catalogo Col. S. J. Cassoviae 1701. Pro Rhet.
|
| 563 |
|
|
|a Lepenka, fialový papier, chrbát hnedá koža.
|
| 653 |
1 |
|
|a náboženská literatúra
|
| 653 |
1 |
|
|a Ježiš Kristus
|
| 653 |
1 |
|
|a poémy
|
| 700 |
0 |
|
|a Jozef
|b I.
|c rímsko-nemecký cisár, uhorský a český kráľ
|d 1705-1711
|4 dte
|
| 700 |
1 |
|
|a Arbona, Franciscus
|4 lso
|
| 700 |
1 |
|
|a Crassus, Bartholomaeus
|4 lso
|
| 700 |
1 |
|
|a Fresius, Caesar
|4 lso
|
| 700 |
1 |
|
|a Friedl, Ján Adam,
|d 1690-1693
|4 prt
|
| 700 |
1 |
|
|a Prosper de Leonibus, F.
|4 lso
|
| 700 |
1 |
|
|a Saita Laurent, Carolus Joseph
|4 lso
|
| 710 |
0 |
|
|a Akademická tlačiareň - Friedl, Ján Adam,
|c Trnava,
|d 1690-1693.
|4 prt
|
| 710 |
0 |
|
|a knižnice - Knižnica Právnickej akadémie
|c Košice
|4 sgn
|
| 752 |
|
|
|a Slovensko
|d Trnava
|
| 852 |
|
|
|p RMK 83 PA
|
| 904 |
|
|
|a acf------ac------aabb-1001--
|
| 905 |
|
|
|a bfga0bb
|
| 910 |
|
|
|a svkkk
|
| 998 |
|
|
|a TRNTL
|
| BAS |
|
|
|